Kus on pealinn riigikaardil? - Statistics

General Stats
  • This quiz has been taken 31 times
  • The average score is 11 of 15
Answer Stats
Question Answer % Correct
Kus on Prantsusmaa pealinn?
100%
Kus on Ühendkuningriigi pealinn?
90%
Kus on Saksamaa pealinn?
80%
Kus on Hispaania pealinn?
80%
Kus on Rootsi pealinn?
80%
Kus on India pealinn?
70%
Kus on Brasiilia pealinn?
70%
Kus on Hiina pealinn?
70%
Kus on Kanada pealinn?
70%
Kus on Jaapani pealinn?
70%
Kus on Ameerika Ühendriikide pealinn?
60%
Kus on Egiptuse pealinn?
60%
Kus on Austraalia pealinn?
60%
Kus on Maroko pealinn?
60%
Kus on Türgi pealinn?
50%
No matching quizzes found
Score Distribution
Percent of People with Each Score
Percentile by Number Answered
Your Score History
You have not taken this quiz